Capitales avec minimum 3 voyelles ou consonnes d'affilée - Statistiques

Statistiques générales
  • Ce quiz a été pris 121 fois
    94 depuis la dernière actualisation
  • Le résultat moyen est 15 sur 39
Statistiques - réponses
Continent Capitale % Correct
Amérique du Nord Washington
72%
Europe Stockholm
69%
Afrique Ouagadougou
57%
Amérique du Nord Saint John's
55%
Amérique du Nord Kingston
53%
Amérique du Nord Kingstown
53%
Afrique N'Djamena
48%
Océanie Wellington
48%
Afrique Nouakchott
47%
Océanie Port Moresby
47%
Afrique Yaoundé
47%
Asie Sri Jayawardenepura Kotte
45%
Asie Tachkent
45%
Europe Amsterdam
43%
Asie Bichkek
43%
Amérique du Nord Saint George
41%
Europe Saint Marin
40%
Amérique du Nord Port d'Espagne
38%
Europe Ljubljana
36%
Amérique du Nord Saint Domingue
36%
Océanie Port-Vila
34%
Afrique Praia
34%
Asie Séoul
34%
Europe Londres
33%
Afrique Port Louis
33%
Asie Achgabat
29%
Europe Minsk
29%
Amérique du Nord Roseau
29%
Afrique Windhoek
29%
Europe Andorre la Vieille
28%
Asie Bangkok
28%
Afrique Kinshasa
28%
Asie Phnom Penh
28%
Asie Riyad
22%
Europe Belgrade
21%
Afrique Lilongwe
21%
Afrique Accra
19%
Amérique du Nord Castries
19%
Asie Thimphou
14%
Aucun quiz correspondant
Distribution des résultats
% des personnes avec chaque résultat
Percentile par nombre de réponses
Votre historique - résultats
Vous n’avez pas pris ce quiz depuis la dernière actualisation